| 000 | 00499nam a2200193Ia 4500 | ||
|---|---|---|---|
| 008 | 160319s9999 xx 000 0 und d | ||
| 020 | _a9715080235 | ||
| 050 | _bR387p 1996 | ||
| 100 | _aRemigio, Ompong | ||
| 245 | _aPapel de liha / | ||
| 245 | _ckwento ni Ompong Remigio ; guhit ni Beth Parrocha. | ||
| 260 | _aQuezon City : | ||
| 260 | _bAdarna House Inc | ||
| 260 | _c1996 | ||
| 300 | _a 28 pages : | ||
| 300 | _billustrations ; | ||
| 300 | _c22 cm. | ||
| 700 | _aBretania, Louie. | ||
| 999 |
_c292313 _d292313 |
||